| 000 | 00757nam a22002297a 4500 | ||
|---|---|---|---|
| 001 | BD-DhSAU 2348 | ||
| 003 | BD-DhSAU | ||
| 005 | 20150128100941.0 | ||
| 008 | 150127s1963 ii a||||r|||| 001 0 eng d | ||
| 040 | _aBD-DhSAU | ||
| 082 |
_222 _a637.12 _bFAE |
||
| 100 | _aFarrall, Arthur William | ||
| 245 |
_aEngineering for dairy and food products / _cArthur William Farrall |
||
| 260 |
_aNew Delhi : _bWiley Eastern Private LTD. , _cc1963. |
||
| 300 |
_axv, 974 p. : _bill. _c23 cm. |
||
| 504 | _aIncludes index. | ||
| 590 | _aerfat | ||
| 650 | _aDairying. | ||
| 650 | _aFood industry and trade. | ||
| 650 | _aSütçülük. | ||
| 856 | _uhttp://catalog.loc.gov/vwebv/holdingsInfo?searchId=22318&recCount=25&recPointer=2&bibId=8914051 | ||
| 942 |
_2ddc _cBOOK |
||
| 999 |
_c2348 _d2348 |
||